| 000 | 01749nam a2200385 c 4500 | ||
|---|---|---|---|
| 003 | BLK | ||
| 005 | 20250603155303.0 | ||
| 008 | 180413b bul|||||r ||||||| ||bul|| | ||
| 010 | _aKNG00025903000 | ||
| 020 |
_a954-428-175-4 _bиздат.: Хемус |
||
| 040 | _aBLK | ||
| 041 |
_aBUL _cBUL |
||
| 080 |
_aКласическа гръцка литература. Старогръцка литература _b821.142 _x.09 _z821.142.09 |
||
| 100 |
_aБогданов, Богдан Иванов _d1940 - 2016 _gФилолог. Преводач от старогръцки език. _9363777 |
||
| 139 |
_aБогданов, Богдан Иванов _bБ 54 |
||
| 245 | 1 | 0 |
_aМит и литература (1) _bПроблеми на типологията и поетиката на старогръцката литература до епохата на елинизма _cБогдан Иванов Богданов. |
| 250 | _a2. доп. изд. | ||
| 257 | _aBGR | ||
| 260 |
_аСофия _bХемус _c1998 _fВ. Търново : Абагар |
||
| 300 |
_a304 с. _c20 см |
||
| 380 | _a82 | ||
| 500 | _a1. изд. 1985 със загл. Мит и литература на изд. Наука и изкуство. - 2 000 тир. | ||
| 650 | 4 |
_aСтарогръцка литература - теми, образи, сюжети _9246077 |
|
| 651 | 4 |
_aДревна Гърция _9242869 |
|
| 653 | _aстарогръцка литература | ||
| 653 | _aкритика | ||
| 653 | _aтеми | ||
| 653 | _aобрази | ||
| 852 | _aЦб 198859 | ||
| 856 | 4 |
_qpdf _u |
|
| 856 | 4 |
_qpdf _u |
|
| 942 |
_cKNG _n0 _03 |
||
| 944 |
_aCR _c15.01.2003 _k30560 _lГеновева Генчева |
||
| 944 |
_aED _c11.05.2006 _k |
||
| 999 |
_c23425 _d23425 |
||